<?xml version="1.0" encoding="UTF-8"?>
<marc:record xmlns:marc="http://www.loc.gov/MARC21/slim">
   <marc:leader>00000nam a2200000 a 4500</marc:leader>
   <marc:datafield ind1="1" ind2=" " tag="100">
      <marc:subfield code="a">Förg, Nicola</marc:subfield>
      <marc:subfield code="4">aut</marc:subfield>
      <marc:subfield code="e">Verfasser/-in</marc:subfield>
   </marc:datafield>
   <marc:datafield ind1="0" ind2="0" tag="245">
      <marc:subfield code="a">Tod auf der Piste</marc:subfield>
   </marc:datafield>
   <marc:datafield ind1="0" ind2="0" tag="245">
      <marc:subfield code="b">ein Alpen-Krimi</marc:subfield>
   </marc:datafield>
   <marc:datafield ind1=" " ind2="1" tag="264">
      <marc:subfield code="a">Hamburg</marc:subfield>
      <marc:subfield code="b">Osterwold audio bei Hörbuch Hamburg HHV GmbH</marc:subfield>
      <marc:subfield code="c">2016</marc:subfield>
   </marc:datafield>
   <marc:datafield ind1="1" ind2=" " tag="520">
      <marc:subfield code="a">Angaben aus der Verlagsmeldung

Tod auf der Piste : Ein Alpen-Krimi: 3 CDs / von Nicola Förg

Diesen Sonntag hat sich die Garmischer Kommissarin Irmi Mangold eigentlich anders vorgestellt. Sie ist gerade im Wald beim Holzfällen, als sie ein dringender Anruf erreicht – auf der Kandahar-Piste ist ein Toter gefunden worden. Besonders skurril ist die Kleidung des Mannes, ein Skianzug mit einer WM-Startnummer von 1978. Bald steht seine Identität fest: Ernst Buchwieser war Sportlehrer am Klosterinternat Ettal und eckte mit seinen unkonventionellen Ansichten fast überall an. Als Gegner des Pistenausbaus für die bevorstehende Ski-WM 2011 war er für viele ein rotes Tuch. Sollte er deshalb zum Schweigen gebracht werden? Und was hat es mit der seltsamen Montur auf sich? Die patente Irmi Mangold und ihre junge Kollegin Kathi Reindl legen sich bei ihren Ermittlungen mit so manchen Garmischer Honoratioren an und müssen feststellen, dass hinter der Postkartenidylle jede Menge Mordmotive lauern …

 
</marc:subfield>
   </marc:datafield>
   <marc:datafield ind1=" " ind2=" " tag="020">
      <marc:subfield code="a">9783869523064</marc:subfield>
      <marc:subfield code="9">9783869523064</marc:subfield>
   </marc:datafield>
   <marc:datafield ind1=" " ind2=" " tag="020">
      <marc:subfield code="a">3869523069</marc:subfield>
      <marc:subfield code="9">3869523069</marc:subfield>
   </marc:datafield>
   <marc:datafield ind1=" " ind2=" " tag="300">
      <marc:subfield code="a">3 CDs</marc:subfield>
   </marc:datafield>
</marc:record>
